000 02250nam0a2200421 4500
001 RU\NLR\bibl\1958035
005 20260422171035.0
010 _a978-5-358-11820-1
_91000
021 _aRU
_b2012-73849
_95466
035 _a(NLR Aleph) 001947091
090 _a3644373
_c3644373
100 _a20121019d2013 u y0rusy50 ca
101 0 _arus
102 _aRU
105 _ay |||||||||
200 1 _aРусский язык
_e3 класс
_eпоурочные разработки к учебнику Т.Г. Рамзаевой
_eметодическое пособие
_fВ.А. Лебедев, Г.И. Мишуринская
205 _a3-е изд., стер.
210 _aМосква
_cДрофа
_d2013 [т.е. 2012]
215 _a237, [2] с.
_d21
225 1 _aРазвитие. Индивидуальность. Творчество. Мышление
_eРИТМ
225 1 _aФГОС
225 1 _aСистема учебников
300 _aЗагл. вып. дан. и корешка: Поурочные разработки к учебнику Т.Г. Рамзаевой "Русский язык. 3 класс"
300 _aКн. фактически изд. в 2012 г.
422 0 _12001#$aРусский язык$e3 класс$eучебник
_1700#1$3RU\NLR\AUTH\772513$aРамзаева$bТ. Г.$f1928-2014$gТамара Григорьевна$4070
_tРусский язык
_aРамзаева, Тамара Григорьевна (1928-2014)
516 0 _aПоурочные разработки к учебнику Т.Г. Рамзаевой "Русский язык. 3 класс"
606 1 _aРусский язык
_jМетодические пособия
_xУроки
_xПланы
_xНачальная школа
_91702619
_3RU\NLR\auth\661055981
686 _aЧ426.131(2)-260.21,01я8
700 1 _4070
_7ca
_8rus
_aЛебедев
_bВ. А.
_cканд. пед. наук
_gВладимир Алексеевич
_981302
_3RU\NLR\auth\7798376
701 1 _aМишуринская
_bГ. И.
_gГалина Ивановна
_4070
801 0 _aRU
_bNLR
_c20121019
_gRCR
801 1 _aRU
_bNLR
_c20121019
830 _aавт. по кн.
942 _cBOOK
980 _aNBR
980 _aNB